[Event "TCh-ROU Superliga"]
[Site "Eforie Nord ROU"]
[Date "2009.09.25"]
[Round "7.3"]
[White "Jianu, Vlad Cristian"]
[Black "Dobre, Claudiu Cristian"]
[Result "1/2-1/2"]
[WhiteElo "2531"]
[BlackElo "2283"]
[PlyCount "71"]
[EventDate "2009.09.19"]

1. Nf3 c5 2. e4 d6 3. d4 Nf6 4. dxc5 Nxe4 5. cxd6 Nxd6 6. Nc3 f6 7. Be3 Nc6 8.
Qd2 Be6 9. Nd4 Nc4 10. Bxc4 Bxc4 11. O-O-O e5 12. Nxc6 Qxd2+ 13. Rxd2 bxc6 14.
a3 Be7 15. f4 exf4 16. Bxf4 Kf7 17. Rd7 Rhd8 18. Rc7 Rdc8 19. Rb7 Ba6 20. Rd7
Rd8 21. Rc7 Rdc8 22. Rd7 Rd8 23. Rhd1 Ke8 24. Rc7 Rdc8 25. Rdd7 Rxc7 26. Rxc7
Bf1 27. g3 Bg2 28. Be3 a6 29. Ne2 Rd8 30. Nf4 Bf3 31. Bd2 Rd7 32. Ne6 g6 33.
Ng7+ Kd8 34. Ne6+ Ke8 35. Ng7+ Kd8 36. Ne6+ 1/2-1/2

[Event "TCh-ROU Superliga"]
[Site "Eforie Nord ROU"]
[Date "2009.09.26"]
[Round "8.3"]
[White "Dobre, Claudiu Cristian"]
[Black "Itkis, Boris"]
[Result "1/2-1/2"]
[WhiteElo "1481"]
[BlackElo "2438"]
[PlyCount "22"]
[EventDate "2009.09.19"]

1. c4 e6 2. d4 Nf6 3. Nc3 d5 4. cxd5 exd5 5. Bg5 Nbd7 6. e3 c6 7. Bd3 Be7 8.
Qc2 O-O 9. Nf3 Re8 10. O-O Nf8 11. Ne5 Ng4 1/2-1/2

[Event "Campionatul National de Sah Individ.  M"]
[Site "Eforie Nord"]
[Date "2009.02.04"]
[Round "5.19"]
[White "Tufa, Mihai"]
[Black "Dobre, Claudiu Cristian"]
[Result "1/2-1/2"]
[WhiteElo "2126"]
[BlackElo "2301"]
[PlyCount "98"]
[EventDate "2009.02.01"]

1. e4 c6 2. d4 d5 3. Nc3 dxe4 4. Nxe4 Bf5 5. Ng3 Bg6 6. Nf3 Nd7 7. Nh4 e6 8.
Nxg6 hxg6 9. c3 Qc7 10. Qf3 Ngf6 11. Bd2 Bd6 12. O-O-O O-O-O 13. h3 e5 14. Bc4
exd4 15. cxd4 Nb6 16. Ba5 Bxg3 17. fxg3 Rh5 18. Bxb6 axb6 19. g4 Rhh8 20. Kb1
Nd5 21. Rhf1 f6 22. Bxd5 Rxd5 23. Qxd5 cxd5 24. Rc1 Qc6 25. Rfe1 Kd7 26. Rxc6
bxc6 27. b3 f5 28. gxf5 gxf5 29. Re5 g6 30. Kb2 Rh4 31. Kc3 Rf4 32. Re2 Rf1 33.
a4 f4 34. Kd3 Rd1+ 35. Kc3 Rc1+ 36. Kd3 Rf1 37. Kd2 Rg1 38. Kd3 g5 39. h4 gxh4
40. Rf2 h3 41. gxh3 Rg3+ 42. Kc2 f3 43. Kd3 Rxh3 44. Ke3 Rh1 45. Rxf3 Rb1 46.
Kd2 Kc7 47. Kc2 Re1 48. Rf7+ Kc8 49. Rh7 Re3 1/2-1/2

[Event "Campionatul National de Sah Individ.  M"]
[Site "Eforie Nord"]
[Date "2009.02.06"]
[Round "7.15"]
[White "Garbea, Bogdan"]
[Black "Dobre, Claudiu Cristian"]
[Result "1/2-1/2"]
[WhiteElo "2173"]
[BlackElo "2301"]
[PlyCount "29"]
[EventDate "2009.02.01"]

1. d4 Nf6 2. c4 c6 3. Nc3 d5 4. Nf3 a6 5. a4 e6 6. e3 Nbd7 7. Bd3 Bb4 8. O-O
O-O 9. Qc2 Qc7 10. Bd2 a5 11. cxd5 exd5 12. Ne2 Bd6 13. Ng3 Re8 14. Bc3 g6 15.
Nd2 $11 1/2-1/2

[Event "Campionatul National de Sah Individ.  M"]
[Site "Eforie Nord"]
[Date "2009.02.07"]
[Round "8.17"]
[White "Dobre, Claudiu Cristian"]
[Black "Chifor, Ovidiu-Emanuel"]
[Result "1/2-1/2"]
[WhiteElo "2301"]
[BlackElo "2141"]
[PlyCount "134"]
[EventDate "2009.02.01"]

1. d4 d5 2. c4 e6 3. Nc3 c6 4. Nf3 dxc4 5. a4 Bb4 6. e3 b5 7. Bd2 Bb7 8. axb5
Bxc3 9. Bxc3 cxb5 10. d5 Nf6 11. dxe6 O-O 12. exf7+ Kxf7 13. Ng5+ Kg8 14. Ne6
Qxd1+ 15. Rxd1 Rc8 16. Nd8 Be4 17. f3 Nbd7 18. Ne6 Bc6 19. e4 Nb6 20. g4 Nxe4
21. fxe4 Bxe4 22. Rg1 Re8 23. Rd6 Bd5 24. Bg2 Rxe6+ 25. Rxe6 Bxe6 26. Bxa8 Nxa8
27. Kf2 Nc7 28. Ra1 Nd5 29. Bd4 h6 30. Rxa7 Bf7 31. Rb7 b4 32. Bc5 c3 33. Bxb4
cxb2 34. Ba3 Nf6 35. h3 h5 36. Bxb2 hxg4 37. Bxf6 gxf6 38. hxg4 Kg7 39. Kg3 Kg6
40. Kf4 Be6 41. Rb6 Kf7 42. Kg3 Bd5 43. Kh4 Kg7 44. Kg3 Kf7 45. Kf4 Be6 46. Rd6
Ke7 47. Ra6 Kf7 48. Rb6 Bc8 49. g5 fxg5+ 50. Kxg5 Bd7 51. Kf4 Be6 52. Ke5 Ba2
53. Kf5 Kg7 54. Rg6+ Kh8 55. Kf6 Bg8 56. Rh6+ Bh7 57. Rh2 Kg8 58. Rg2+ Kh8 59.
Rh2 Kg8 60. Rh3 Kh8 61. Rg3 Bg8 62. Kg6 Bh7+ $11 63. Kf7 Be4 64. Rg5 Bh7 65.
Rg4 Bc2 66. Rb4 Bd3 67. Rd4 Bc2 1/2-1/2

[Event "Campionatul National de Sah Individ.  M"]
[Site "Eforie Nord"]
[Date "2009.02.08"]
[Round "9.15"]
[White "Pepene, Gheorghe"]
[Black "Dobre, Claudiu Cristian"]
[Result "1-0"]
[WhiteElo "2129"]
[BlackElo "2301"]
[PlyCount "64"]
[EventDate "2009.02.01"]

1. e4 c5 2. Nf3 d6 3. g3 g6 4. Bg2 Bg7 5. O-O Nc6 6. c3 e6 7. d3 Nge7 8. Nbd2
O-O 9. Re1 Rb8 10. Nf1 b5 11. h4 h6 12. N1h2 f5 13. exf5 exf5 14. Bf4 Rb6 15.
Qd2 Kh7 16. d4 cxd4 17. Nxd4 Nxd4 18. cxd4 Nc6 19. Nf3 Bb7 20. Re6 Ne7 21. h5
Bxf3 22. hxg6+ Nxg6 23. Bxf3 Nxf4 24. Qxf4 Qg5 25. Qxg5 hxg5 26. Rd1 g4 27. Bd5
Bf6 28. Kg2 a5 29. f3 gxf3+ 30. Kxf3 Rbb8 31. Rc1 Rbe8 32. Rc7+ Kg6 1-0

[Event "Campionatul National de Sah Individual "]
[Site "Eforie Nord"]
[Date "2009.02.02"]
[Round "2.22"]
[White "Constantin, Dragos-Georgian"]
[Black "Dobre, Claudiu Cristian"]
[Result "1/2-1/2"]
[WhiteElo "2054"]
[BlackElo "2301"]
[PlyCount "68"]
[EventDate "2009.02.01"]

1. e4 c6 2. d4 d5 3. Nc3 dxe4 4. Nxe4 Bf5 5. Ng3 Bg6 6. h4 h6 7. Nf3 Nd7 8. h5
Bh7 9. Bd3 Bxd3 10. Qxd3 Ngf6 11. Bd2 e6 12. O-O-O Qc7 13. Ne4 Be7 14. g3 c5
15. Nxc5 Nxc5 16. dxc5 O-O 17. Qe2 Bxc5 18. Kb1 Rac8 19. Bc3 Nd5 20. Bd4 Qb6
21. c4 Qa6 22. Qd3 Nb4 23. Qb3 Qc6 24. Rh4 Rfd8 25. Rg4 Bxd4 26. Rgxd4 Rxd4 27.
Rxd4 b5 28. Ne5 Qc5 29. Qe3 f6 30. Nd3 Nxd3 31. Qxe6+ Kh8 32. Rxd3 bxc4 33. Rd5
Qc7 34. Rd7 Qc5 1/2-1/2

[Event "Campionatul National de Sah Individual "]
[Site "Eforie Nord"]
[Date "2009.02.02"]
[Round "3.19"]
[White "Dobre, Claudiu Cristian"]
[Black "Mihailov, Iulian"]
[Result "0-1"]
[WhiteElo "2301"]
[BlackElo "2083"]
[PlyCount "80"]
[EventDate "2009.02.01"]

1. d4 Nf6 2. Nf3 c5 3. c3 d5 4. Bg5 Nc6 5. e3 e6 6. Ne5 Nxe5 7. dxe5 h6 8. Bh4
g5 9. Bg3 Ne4 10. Nd2 Nxg3 11. hxg3 Bg7 12. f4 Qb6 13. Qb3 Bd7 14. Be2 Qxb3 15.
axb3 f6 16. exf6 Bxf6 17. Nf3 Ke7 18. Ne5 Bxe5 19. fxe5 a6 20. Kd2 Raf8 21. Rh2
Kf7 22. Ra5 Rc8 23. b4 cxb4 24. cxb4 Kg7 25. Ra1 Rcf8 26. g4 Rf2 27. Ke1 Rhf8
28. Rc1 R8f7 29. b3 Bb5 30. Rc2 Bxe2 31. Rxe2 Rf1+ 32. Kd2 Rc7 33. Rh3 Rb1 34.
e4 dxe4 35. Rxe4 Rb2+ 36. Kd1 Rxg2 37. Rd3 Rcc2 38. Red4 Ra2 39. Rd2 Raxd2+ 40.
Rxd2 Rxd2+ 0-1

[Event "Campionatul National de Sah Individ. M"]
[Site "?"]
[Date "2009.02.03"]
[Round "?"]
[White "Dobre, Claudiu Cristian"]
[Black "Stegariu, Vlad-Ionut"]
[Result "1-0"]
[WhiteElo "2301"]
[BlackElo "1946"]
[PlyCount "95"]
[EventDate "2009.??.??"]

1. d4 Nf6 2. c4 e6 3. Nf3 Bb4+ 4. Bd2 Bxd2+ 5. Nbxd2 O-O 6. e3 Nc6 7. Be2 d6 8.
O-O Qe7 9. Qc2 e5 10. d5 Nb8 11. b4 Bg4 12. Nb3 Nbd7 13. Rfe1 Rfe8 14. Nfd2
Bxe2 15. Rxe2 Nf8 16. e4 Ng6 17. g3 Nh5 18. Nf1 Qd7 19. f3 Rf8 20. Ne3 Ne7 21.
Rf1 f5 22. exf5 Nxf5 23. Nxf5 Qxf5 24. Qxf5 Rxf5 25. Re3 Rf7 26. Nd2 Nf6 27.
Ra3 h6 28. Re1 g5 29. h3 Kg7 30. Kg2 Kg6 31. Ne4 Nxe4 32. fxe4 h5 33. c5 Raf8
34. Re2 a6 35. c6 bxc6 36. Rxa6 cxd5 37. exd5 Rb8 38. a3 Rb5 39. Rxe5 Rf5 40.
Rxf5 Kxf5 41. Ra5 Rb8 42. Ra7 Rb5 43. Rxc7 Rxd5 44. Rc3 g4 45. hxg4+ hxg4 46.
Rb3 Rd2+ 47. Kf1 d5 48. b5 1-0

[Event "Campionatul National de Sah Individ. M"]
[Site "?"]
[Date "2009.02.05"]
[Round "?"]
[White "Dobre, Claudiu Cristian"]
[Black "Chirita Mihaila, Marius Constantin"]
[Result "1-0"]
[WhiteElo "2301"]
[BlackElo "2048"]
[PlyCount "101"]
[EventDate "2009.??.??"]

1. b3 Nf6 2. Bb2 g6 3. e4 Bg7 4. g3 d6 5. Bg2 O-O 6. Ne2 e5 7. O-O Nc6 8. d4
exd4 9. Nxd4 Nxd4 10. Bxd4 Re8 11. Re1 Bg4 12. Qd2 c6 13. c4 Qc7 14. h3 Be6 15.
Nc3 Rad8 16. Rad1 Nh5 17. Bxg7 Nxg7 18. Qg5 f5 19. exf5 gxf5 20. Re3 Bf7 21.
Red3 Bg6 22. R3d2 Re5 23. Ne2 Ne6 24. Qh4 Kg7 25. Nf4 Nxf4 26. Qxf4 Qe7 27. Bf3
Kg8 28. Kg2 a5 29. h4 Bf7 30. Rd4 Qf6 31. Qd2 Kf8 32. Rxd6 Rxd6 33. Qxd6+ Qxd6
34. Rxd6 Ke7 35. Rh6 Bg8 36. Kf1 a4 37. Bd1 axb3 38. axb3 Rc5 39. Be2 Ra5 40.
b4 Re5 41. Bd3 Re6 42. Rh5 Rf6 43. c5 f4 44. Re5+ Kf8 45. g4 h6 46. Bf5 Bc4+
47. Kg2 Bd5+ 48. Be4 Bc4 49. Kf3 Bb3 50. Rf5 Bd1+ 51. Kxf4 1-0

[Event "Mem Revolutiei"]
[Site "?"]
[Date "2009.12.16"]
[Round "3.5"]
[White "Nita, Lucian"]
[Black "Dobre, Claudiu Cristian"]
[Result "0-1"]
[WhiteElo "2213"]
[BlackElo "2286"]
[PlyCount "118"]
[EventDate "2009.??.??"]

1. e4 c6 2. d3 d5 3. Nd2 e5 4. Ngf3 Bg4 5. h3 Bxf3 6. Qxf3 Nf6 7. Be2 Nbd7 8.
g4 h6 9. Nf1 d4 10. Ng3 Bb4+ 11. Kf1 g6 12. h4 Nf8 13. h5 g5 14. Nf5 Ne6 15. a3
Be7 16. Qg3 Nf4 17. Ng7+ Kf8 18. Nf5 Ne8 19. Bd1 Ng7 20. Kg1 Nge6 21. Kh2 Kg8
22. Qg1 Kh7 23. Qe1 Qc7 24. a4 Rhd8 25. Nxe7 Qxe7 26. Qa5 Nc5 27. b3 b6 28. Qb4
Qd6 29. a5 b5 30. Ba3 Qf6 31. Rf1 Na6 32. Qd2 c5 33. b4 cxb4 34. Bxb4 Nxb4 35.
Qxb4 a6 36. Ra3 Rac8 37. Kg3 Kg7 38. Qb2 Qc6 39. f3 Rd6 40. Rf2 Qc7 41. Rd2 Rc6
42. Ra2 Rc3 43. Kf2 Qc5 44. Ke1 b4 45. Ra4 b3 46. Rc4 Rxc4 47. dxc4 d3 48. Rxd3
bxc2 49. Bxc2 Qg1+ 50. Kd2 Qf2+ 51. Kc1 Qe1+ 52. Rd1 Ne2+ 53. Kb1 Nc3+ 54. Kc1
Nxd1 55. Qxe5+ Kg8 56. Bxd1 Rxc4+ 57. Kb2 Qxd1 58. Qe8+ Kg7 59. Qe5+ Kh7 0-1

[Event "Mem Revolutiei"]
[Site "?"]
[Date "2009.12.17"]
[Round "4.1"]
[White "Dobre, Claudiu Cristian"]
[Black "Cosma, Ioan"]
[Result "1/2-1/2"]
[WhiteElo "2286"]
[BlackElo "2422"]
[PlyCount "38"]
[EventDate "2009.??.??"]

1. d4 d5 2. c4 c6 3. Nc3 Nf6 4. cxd5 cxd5 5. Bf4 Nc6 6. e3 a6 7. Bd3 Bg4 8.
Nge2 e6 9. Rc1 Bd6 10. Bxd6 Qxd6 11. O-O O-O 12. f3 Bh5 13. Nf4 Bg6 14. Nxg6
hxg6 15. f4 Rfe8 16. Na4 Nd7 17. Nc5 Nxc5 18. Rxc5 b6 19. Rc1 a5 1/2-1/2

[Event "Mem Revolutiei"]
[Site "?"]
[Date "2009.12.18"]
[Round "5.3"]
[White "Burnoiu, Nicolae Costel"]
[Black "Dobre, Claudiu Cristian"]
[Result "0-1"]
[WhiteElo "2411"]
[BlackElo "2286"]
[PlyCount "62"]
[EventDate "2009.??.??"]

1. e4 c6 2. d4 d5 3. Nd2 dxe4 4. Nxe4 Bf5 5. Ng3 Bg6 6. h4 h6 7. Nf3 Nd7 8. h5
Bh7 9. Bd3 Bxd3 10. Qxd3 Qc7 11. Bd2 e6 12. O-O-O Ngf6 13. Kb1 O-O-O 14. c4 c5
15. Qe2 Bd6 16. Ne4 Nxe4 17. Qxe4 Nf6 18. Qe2 Rhe8 19. Be3 Qc6 20. Rh4 cxd4 21.
Bxd4 b6 22. c5 bxc5 23. Rc1 Kb7 24. Ne5 Qd5 25. Qb5+ Ka8 26. Nc6 cxd4 27. Qa6
Bc5 28. Nxd8 Rxd8 29. b4 Rb8 30. a3 Ne4 31. Rc2 d3 0-1

[Event "Mem Revolutiei"]
[Site "?"]
[Date "2009.12.19"]
[Round "6.2"]
[White "Dobre, Claudiu Cristian"]
[Black "Georgescu, Tiberiu-Marian"]
[Result "1-0"]
[WhiteElo "2286"]
[BlackElo "2382"]
[PlyCount "68"]
[EventDate "2009.??.??"]

1. b3 e5 2. Bb2 Nc6 3. c4 d6 4. e3 g6 5. Nf3 Bg7 6. Be2 Nge7 7. a3 O-O 8. d4
exd4 9. Nxd4 Nxd4 10. Bxd4 Bxd4 11. Qxd4 d5 12. Nc3 Be6 13. O-O-O c6 14. cxd5
Nxd5 15. Ne4 Bf5 16. Nc3 Be6 17. Ne4 Qe7 18. Kb2 f5 19. Nc5 Bf7 20. h4 Rad8 21.
Bf3 Nc7 22. Qb4 Qf6+ 23. Qc3 Qe7 24. a4 Bd5 25. Nxb7 Rb8 26. Bxd5+ Nxd5 27.
Qxc6 Qe5+ 28. Rd4 Ne7 29. Qc5 Qg7 30. Nd6 Rb6 31. Nc4 Rc8 32. Qe5 Qf7 33. Nxb6
axb6 34. Rd7 Nc6 1-0

[Event "Mem Revolutiei"]
[Site "?"]
[Date "2009.12.20"]
[Round "8.1"]
[White "Enache, Danut Alexandru"]
[Black "Dobre, Claudiu Cristian"]
[Result "1/2-1/2"]
[WhiteElo "2281"]
[BlackElo "2286"]
[PlyCount "35"]
[EventDate "2009.??.??"]

1. d4 d5 2. c4 c6 3. Nf3 Nf6 4. Nc3 e6 5. Bg5 dxc4 6. e4 b5 7. e5 h6 8. Bh4 g5
9. Nxg5 hxg5 10. Bxg5 Nbd7 11. exf6 Bb7 12. g3 c5 13. d5 Bh6 14. Bxh6 Rxh6 15.
Bg2 Nxf6 16. Nxb5 Qb6 17. Qa4 Kf8 18. O-O 1/2-1/2

[Event "II ROMGAZ Open"]
[Site "Bucharest ROU"]
[Date "2008.09.12"]
[Round "2.6"]
[White "Chatalbashev, Boris"]
[Black "Dobre, Claudiu Cristian"]
[Result "1/2-1/2"]
[WhiteElo "2596"]
[BlackElo "2300"]
[PlyCount "94"]
[EventDate "2008.09.11"]
[EventRounds "9"]
[EventCountry "ROM"]

1. d4 d5 2. c4 c6 3. Nf3 Nf6 4. e3 Bg4 5. Qb3 Qb6 6. Ne5 Bf5 7. cxd5 Qxb3 8.
axb3 cxd5 9. Nc3 Bd7 10. Nb5 Bxb5 11. Bxb5+ Nbd7 12. e4 a6 13. exd5 Rd8 14.
Bxd7+ Nxd7 15. Nd3 Nf6 16. Nc5 b6 17. Nxa6 Nxd5 18. Bg5 Rc8 19. O-O e6 20. Rfc1
Kd7 21. Rxc8 Kxc8 22. b4 h6 23. Bd2 Kb7 24. b5 Be7 25. Rc1 Rc8 26. Rxc8 Kxc8
27. Kf1 Bf6 28. Bc3 Nc7 29. Nxc7 Kxc7 30. Ke2 Kd6 31. Kd3 Kd5 32. g4 g6 33. b3
Bh4 34. Ke3 f5 35. f3 Bg5+ 36. Kd3 Bf6 37. h3 h5 38. Ke3 hxg4 39. hxg4 fxg4 40.
fxg4 Bg5+ 41. Kf3 Bf6 42. Ke3 Bg5+ 43. Kd3 Bf6 44. Ba1 Bg7 45. Bb2 Bf6 46. Bc3
Bg7 47. Ke3 Bh6+ 1/2-1/2

[Event "II ROMGAZ Open"]
[Site "Bucharest ROU"]
[Date "2008.09.13"]
[Round "3.17"]
[White "Dobre, Claudiu Cristian"]
[Black "Malakhatko, Vadim (BEL)"]
[Result "1/2-1/2"]
[WhiteElo "2300"]
[BlackElo "2612"]
[PlyCount "122"]
[EventDate "2008.09.11"]
[EventRounds "9"]
[EventCountry "ROM"]

1. e4 e6 2. d4 d5 3. exd5 exd5 4. Bd3 Bd6 5. Nc3 c6 6. Qf3 Nd7 7. Nge2 Ndf6 8.
h3 Qc7 9. Bf4 Bxf4 10. Qxf4 Qxf4 11. Nxf4 Ne7 12. O-O Nf5 13. Rfe1+ Kd8 14.
Nfe2 Bd7 15. Rad1 Kc7 16. Nb1 h5 17. c3 g5 18. Ng3 Nxg3 19. fxg3 Ne8 20. Re5 f6
21. Re7 Nd6 22. Rde1 Rae8 23. Rxe8 Nxe8 24. Nd2 Kd8 25. Rf1 Ke7 26. Re1+ Kf7
27. Kf2 Nd6 28. Bc2 Bf5 29. Bxf5 Nxf5 30. Kf3 Nd6 31. g4 hxg4+ 32. hxg4 Rh4 33.
Rf1 a5 34. g3 Rh8 35. Kg2 Re8 36. Kf2 Kg6 37. Re1 Rxe1 38. Kxe1 f5 39. Ke2 fxg4
40. Kd3 Nf5 41. Nf1 Kf6 42. Ke2 a4 43. b3 a3 44. Kf2 Nd6 45. Nd2 Ke6 46. Ke3 b6
47. b4 Kf6 48. Kd3 Nf5 49. Nf1 Ke6 50. Ke2 Kd7 51. Kf2 Kc7 52. Ke2 Kb7 53. Kd3
Ka6 54. c4 dxc4+ 55. Kxc4 Nd6+ 56. Kb3 Kb5 57. Ne3 Ne4 58. Nf5 Nd2+ 59. Kc3
Ne4+ 60. Kb3 Nd2+ 61. Kc3 Ne4+ 1/2-1/2

[Event "II ROMGAZ Open"]
[Site "Bucharest ROU"]
[Date "2008.09.14"]
[Round "4.28"]
[White "Raducanu, Andrei-Augustin"]
[Black "Dobre, Claudiu Cristian"]
[Result "0-1"]
[WhiteElo "2117"]
[BlackElo "2300"]
[PlyCount "90"]
[EventDate "2008.09.11"]
[EventRounds "9"]
[EventCountry "ROM"]

1. e4 c6 2. d4 d5 3. e5 Bf5 4. Bd3 Bxd3 5. Qxd3 e6 6. Nf3 Qa5+ 7. c3 Qa6 8.
Qxa6 Nxa6 9. b4 Nc7 10. O-O a5 11. bxa5 Rxa5 12. Nbd2 b5 13. Nb3 Ra4 14. Ne1
Na8 15. Nd3 Nb6 16. Nbc5 Bxc5 17. Nxc5 Ra7 18. Nd3 Ne7 19. Nb4 h6 20. Re1 Kd7
21. Re3 Rc8 22. Nd3 Na4 23. Ba3 Nf5 24. Rf3 Ke8 25. Bb4 Rca8 26. Kf1 Ra6 27.
Nc1 Nb2 28. g4 Nh4 29. Re3 Nc4 30. Re2 Nf3 31. Kg2 Nfd2 32. f3 Kd7 33. h4 Kc7
34. Bc5 Ra3 35. Bb4 R8a4 36. h5 Rxb4 37. cxb4 Rxf3 38. Nb3 Ne3+ 39. Kh1 Ndf1
40. Nd2 Ng3+ 41. Kh2 Nxg4+ 42. Kh3 Rd3 43. Ree1 Nf5+ 44. Kg2 Rxd2+ 45. Kg1 Nh2
0-1

[Event "II ROMGAZ Open"]
[Site "Bucharest ROU"]
[Date "2008.09.16"]
[Round "6.29"]
[White "Capata, Ion"]
[Black "Dobre, Claudiu Cristian"]
[Result "1-0"]
[WhiteElo "2134"]
[BlackElo "2300"]
[PlyCount "89"]
[EventDate "2008.09.11"]
[EventRounds "9"]
[EventCountry "ROM"]

1. e4 Nf6 2. Nc3 d5 3. e5 d4 4. exf6 dxc3 5. fxg7 cxd2+ 6. Qxd2 Qxd2+ 7. Bxd2
Bxg7 8. O-O-O O-O 9. Nf3 Be6 10. Kb1 h6 11. Bf4 c5 12. Ne5 Rc8 13. Be2 Nc6 14.
Nxc6 Rxc6 15. Rd2 Rb6 16. b3 c4 17. Rhd1 cxb3 18. Rd8+ Kh7 19. axb3 Rxd8 20.
Rxd8 Bf5 21. Bd3 Bxd3 22. Rxd3 Ra6 23. Kc1 Ra1+ 24. Kd2 b6 25. Rd7 e5 26. Be3
Kg6 27. g4 Kf6 28. Rc7 Ke6 29. Ke2 e4 30. h4 Bf8 31. Bxh6 Bxh6 32. Rc6+ Ke5 33.
Rxh6 Kf4 34. g5 Kg4 35. Rh7 a5 36. Rxf7 Kxh4 37. g6 Rg1 38. g7 b5 39. Ke3 a4
40. bxa4 bxa4 41. Rf4+ Kh5 42. Rxe4 Rxg7 43. Rxa4 Rc7 44. c4 Kg6 45. Kd4 1-0

[Event "II ROMGAZ Open"]
[Site "Bucharest ROU"]
[Date "2008.09.19"]
[Round "9.21"]
[White "Dobre, Claudiu Cristian"]
[Black "Valeanu, Eduard Andrei"]
[Result "0-1"]
[WhiteElo "2300"]
[BlackElo "2440"]
[PlyCount "106"]
[EventDate "2008.09.11"]
[EventRounds "9"]
[EventCountry "ROM"]

1. Nf3 c5 2. c4 Nc6 3. d4 cxd4 4. Nxd4 g6 5. e4 Nf6 6. Nc3 d6 7. Be2 Nxd4 8.
Qxd4 Bg7 9. Be3 O-O 10. Qd2 a5 11. O-O a4 12. Rac1 Be6 13. f3 Qa5 14. Nd5 Qxd2
15. Nxe7+ Kh8 16. Bxd2 Rfe8 17. Nd5 Nxd5 18. cxd5 Bxd5 19. Bc4 Bxc4 20. Rxc4
Bxb2 21. Rb4 a3 22. Rxb7 Reb8 23. Rxb8+ Rxb8 24. Bf4 Bd4+ 25. Kh1 Be5 26. Bxe5+
dxe5 27. Kg1 Rb2 28. Rf2 Kg7 29. Kf1 Kf6 30. Ke1 Kg5 31. g3 f5 32. f4+ Kf6 33.
fxe5+ Kxe5 34. exf5 gxf5 35. Rd2 Ke4 36. Re2+ Kf3 37. Re5 Rxh2 38. Rxf5+ Kxg3
39. Rg5+ Kf4 40. Ra5 Rxa2 41. Kf1 Ke4 42. Kg1 Kd4 43. Ra7 h5 44. Rd7+ Kc3 45.
Rc7+ Kb2 46. Rb7+ Kc2 47. Rc7+ Kb1 48. Ra7 h4 49. Ra8 h3 50. Kh1 Ra1 51. Kh2
Ka2 52. Kxh3 Rb1 53. Rf8 Ka1 0-1

[Event "Memorial Emil Macarie"]
[Site "Ploiesti"]
[Date "2008.11.22"]
[Round "8.1"]
[White "Dobre, Claudiu Cristian"]
[Black "Anuta, Laurentiu "]
[Result "1-0"]
[WhiteElo "2301"]
[BlackElo "2070"]
[Annotator "Anuta Laurentiu"]
[PlyCount "81"]

1. d4 e6 2. Nf3 b6 3. e4 Bb7 4. Bd3 d6 5. O-O Nd7 6. Qe2 Be7 7. Nbd2 c5 8. dxc5
Nxc5 9. Bb5+ Nd7 10. Nc4 Kf8 11. Rd1 Qc7 12. Bxd7 Qxd7 13. Nxd6 Bxd6 14. e5 Ne7
15. exd6 Ng6 16. c4 Rc8 17. b3 Rc6 18. a4 Kg8 19. a5 b5 20. cxb5 Rxd6 21. Ba3
Rxd1+ 22. Rxd1 Bd5 23. Ne5 Nxe5 24. Qxe5 h6 25. Rd3 f6 26. Qd4 Qxb5 27. Rg3
Qxa5 28. Bb4 Qc7 29. h4 Kh7 30. Qd3+ f5 31. Bc3 Rg8 32. Qe3 Qe7 33. Be5 Be4 34.
h5 g5 35. f3 Bd5 36. Rg4 Rf8 37. Ra4 Rf7 38. Bd4 Qe8 39. Rb4 e5 40. Rb5 Qxb5 $4
41. Qxe5 1-0

[Event "Finala CNI 2008"]
[Site "?"]
[Date "2008.03.01"]
[Round "8.14"]
[White "Georgescu, Tiberiu-Marian"]
[Black "Dobre, Claudiu Cristian"]
[Result "1-0"]
[WhiteElo "2356"]
[BlackElo "2243"]
[PlyCount "73"]
[EventDate "2008.??.??"]

1. d4 Nf6 2. c4 c5 3. d5 b5 4. cxb5 e6 5. Nc3 exd5 6. Nxd5 Bb7 7. Nxf6+ Qxf6 8.
Nf3 d5 9. g3 Bd6 10. Bg2 O-O 11. O-O Nd7 12. Qc2 Qe7 13. Bg5 f6 14. Bf4 Be5 15.
Rfd1 g5 16. Bxe5 fxe5 17. Qd2 h6 18. e4 Nf6 19. exd5 e4 20. d6 Qe6 21. Qe2 Ng4
22. Rf1 Rf6 23. Nd2 Raf8 24. Bh3 Qd5 25. Nxe4 Ne5 26. Bg2 Nf3+ 27. Bxf3 Rxf3
28. Rac1 g4 29. b3 Kh7 30. Qc2 R3f5 31. Qc4 Qd4 32. Qxd4 cxd4 33. Nd2 Rxb5 34.
Rc7+ Kg6 35. Re1 Bd5 36. Nc4 Rc5 37. Ne5+ 1-0

[Event "Finala CNI 2008"]
[Site "Cluj Napoca - ROMANIA"]
[Date "2008.02.25"]
[Round "1.7"]
[White "Dobre, Claudiu Cristian"]
[Black "Nanu, Ciprian-Costica"]
[Result "0-1"]
[WhiteElo "2243"]
[BlackElo "2527"]
[PlyCount "82"]
[EventDate "2008.??.??"]

1. e4 c6 2. d4 d5 3. Nd2 dxe4 4. Nxe4 Bf5 5. Ng3 Bg6 6. h4 h6 7. Nf3 Nd7 8. h5
Bh7 9. Bd3 Bxd3 10. Qxd3 Ngf6 11. Bf4 e6 12. O-O-O Be7 13. Ne4 O-O 14. g4 Nxg4
15. Rdg1 f5 16. Qb3 Rf7 17. Nd6 Bxd6 18. Bxd6 Nb6 19. Qxe6 Qd7 20. Qxd7 Rxd7
21. Bg3 Re8 22. Re1 Rxe1+ 23. Rxe1 Nf6 24. Nh4 Nxh5 25. Nxf5 Nxg3 26. fxg3 Kf7
27. b3 Kf6 28. Rf1 Kg5 29. Nh4 Kg4 30. Nf5 h5 31. c4 g6 32. Nh6+ Kxg3 33. Rg1+
Kf4 34. Rxg6 Rxd4 35. Rg1 Nd7 36. Rh1 Kg5 37. Nf7+ Kg6 38. Nd8 Nc5 39. Rg1+ Rg4
40. Rd1 h4 41. Rd6+ Kg7 0-1

[Event "Cupa Conpet"]
[Site "Ploiesti"]
[Date "2007.09.29"]
[Round "9.4"]
[White "Dobre, Claudiu Cristian"]
[Black "Anuta, Laurentiu "]
[Result "1-0"]
[WhiteElo "2256"]
[BlackElo "1988"]
[Annotator "Anuta Laurentiu"]
[PlyCount "109"]
[EventDate "2007.09.29"]
[EventType "swiss"]
[EventRounds "9"]
[EventCountry "ROM"]

1. d4 d5 2. c4 c6 3. Nc3 Nf6 4. Nf3 e6 5. Bg5 Nbd7 6. e3 Qa5 7. Nd2 dxc4 8.
Bxf6 Nxf6 9. Nxc4 Qd8 10. Qb3 Be7 11. Be2 O-O 12. O-O Nd5 13. e4 Nf4 14. Rfd1
b5 15. Ne5 Nxe2+ 16. Nxe2 Bb7 17. Rac1 Rc8 18. Nd3 a5 19. Nc5 Ba8 20. Rd3 a4
21. Qc3 Qd6 22. e5 Qd5 23. Nf4 Qxa2 24. Qb4 Bg5 25. Ra3 Bxf4 26. Rxa2 Bxc1 27.
h4 Rcd8 28. Ra3 Bh6 29. Rf3 g6 30. Rg3 Rd5 31. Rg4 Rfd8 32. Ne4 Bg7 33. h5 R5d7
34. hxg6 fxg6 35. Rf4 Re8 36. g4 h6 37. g5 hxg5 38. Rf6 Red8 39. Rxg6 c5 40.
Nxc5 Rxd4 41. Rxg7+ Kh8 42. Qa5 Rd1+ 43. Kh2 Rh1+ 44. Kg3 Rg1+ 45. Kh3 Rh1+ $4
(45... Kxg7 $1 46. Nxe6+ (46. Qxd8 Rh1+ 47. Kg4 Rg1+ 48. Kh3 $11) 46... Kg6 47.
Nf4+ Kf5 48. Qxd8 Rh1+ 49. Kg3 gxf4#) 46. Kg4 Kxg7 47. Nxe6+ Kg6 48. Nf4+ gxf4
49. Qxd8 Be4 50. Kxf4 Bb1 51. Qg8+ Kh6 52. Qh8+ Bh7 53. e6 Rh4+ 54. Kg3 Re4 55.
e7 1-0

[Event "Romanian Open"]
[Site "Predeal ROM"]
[Date "2007.08.12"]
[Round "2"]
[White "Dobre, Claudiu Cristian"]
[Black "Badea Takacs, Bela"]
[Result "1/2-1/2"]
[WhiteElo "2256"]
[BlackElo "2488"]
[PlyCount "65"]
[EventDate "2007.08.11"]

1. d4 g6 2. c4 Bg7 3. Nc3 d6 4. Nf3 Nd7 5. g3 e5 6. Bg2 Ne7 7. O-O O-O 8. e4
exd4 9. Nxd4 Nc6 10. Nde2 a5 11. f4 Nb6 12. b3 Bg4 13. Bf3 Bh3 14. Bg2 Bxg2 15.
Kxg2 a4 16. Be3 Nd7 17. Qd2 axb3 18. axb3 Rxa1 19. Rxa1 Nf6 20. Ra4 Qe7 21. Qc2
Rc8 22. b4 Qd7 23. Nd5 Nxd5 24. cxd5 Ne7 25. Bd4 c6 26. Bxg7 Kxg7 27. dxc6 bxc6
28. Qc3+ Kg8 29. Qd4 Qe6 30. Nc3 d5 31. Ra7 c5 32. bxc5 Nc6 33. exd5 1/2-1/2

[Event "Romanian Individual National C"]
[Site "Amara"]
[Date "2007.02.17"]
[Round "2"]
[White "Dobre, Claudiu Cristian"]
[Black "Manolache, Marius"]
[Result "0-1"]
[WhiteElo "2251"]
[BlackElo "2491"]
[PlyCount "66"]
[EventDate "2007.02.??"]
[EventCountry "ROM"]

1. d4 g6 2. e4 c6 3. Nf3 d6 4. Bd3 Bg7 5. c3 Nf6 6. O-O O-O 7. Nbd2 a5 8. a4 b6
9. Re1 Bb7 10. Qb3 Nbd7 11. Bf1 Qc7 12. g3 e5 13. Nc4 Rab8 14. Bg5 h6 15. Bxf6
Bxf6 16. Bh3 Bc8 17. Rad1 Nc5 18. dxc5 bxc5 19. Qa3 Bxh3 20. Nxd6 Rfd8 21. Nc4
Rxd1 22. Rxd1 Rd8 23. Qa1 Be6 24. Rxd8+ Qxd8 25. Qf1 Qb8 26. Qd3 Qb3 27. Nxa5
Qxa4 28. Nb7 c4 29. Qd2 Qa1+ 30. Ne1 Bg5 31. f4 exf4 32. h4 Be7 33. Nd8 Qa7+
0-1